<?xml version="1.0" encoding="UTF-8"?>
<record
    xmlns:xsi="http://www.w3.org/2001/XMLSchema-instance"
    xsi:schemaLocation="http://www.loc.gov/MARC21/slim http://www.loc.gov/standards/marcxml/schema/MARC21slim.xsd"
    xmlns="http://www.loc.gov/MARC21/slim">

  <leader>01383    a2200301   4500</leader>
  <controlfield tag="003">NALT</controlfield>
  <controlfield tag="005">20220411083216.0</controlfield>
  <controlfield tag="008">200730b        th ||||| |||| 00| 0 tha d</controlfield>
  <datafield tag="020" ind1=" " ind2=" ">
    <subfield code="a">9786163053794</subfield>
  </datafield>
  <datafield tag="040" ind1=" " ind2=" ">
    <subfield code="a">NALT</subfield>
  </datafield>
  <datafield tag="090" ind1=" " ind2=" ">
    <subfield code="a">KS 63</subfield>
    <subfield code="b">&#xE2A;234&#xE01; 2561</subfield>
  </datafield>
  <datafield tag="100" ind1="0" ind2=" ">
    <subfield code="a">&#xE2A;&#xE21;&#xE04;&#xE34;&#xE14; &#xE1A;&#xE32;&#xE07;&#xE42;&#xE21;</subfield>
    <subfield code="9">9071</subfield>
  </datafield>
  <datafield tag="245" ind1="1" ind2="0">
    <subfield code="a">&#xE01;&#xE0E;&#xE2B;&#xE21;&#xE32;&#xE22;&#xE18;&#xE38;&#xE23;&#xE01;&#xE34;&#xE08; /</subfield>
    <subfield code="c">&#xE2A;&#xE21;&#xE04;&#xE34;&#xE14; &#xE1A;&#xE32;&#xE07;&#xE42;&#xE21;.</subfield>
  </datafield>
  <datafield tag="246" ind1="1" ind2="4">
    <subfield code="a">&#xE01;&#xE0E;&#xE2B;&#xE21;&#xE32;&#xE22;&#xE18;&#xE38;&#xE23;&#xE01;&#xE34;&#xE08; Business law  &#xE40;&#xE1E;&#xE37;&#xE48;&#xE2D;&#xE04;&#xE27;&#xE32;&#xE21;&#xE21;&#xE31;&#xE48;&#xE19;&#xE43;&#xE08;&#xE43;&#xE19;&#xE01;&#xE32;&#xE23;&#xE1B;&#xE23;&#xE30;&#xE01;&#xE2D;&#xE1A;&#xE18;&#xE38;&#xE23;&#xE01;&#xE34;&#xE08;. </subfield>
  </datafield>
  <datafield tag="246" ind1="3" ind2="1">
    <subfield code="a">Business law.</subfield>
  </datafield>
  <datafield tag="250" ind1=" " ind2=" ">
    <subfield code="a">&#xE1E;&#xE34;&#xE21;&#xE1E;&#xE4C;&#xE04;&#xE23;&#xE31;&#xE49;&#xE07;&#xE17;&#xE35;&#xE48; 4 &#xE1B;&#xE23;&#xE31;&#xE1A;&#xE1B;&#xE23;&#xE38;&#xE07;&#xE43;&#xE2B;&#xE21;&#xE48;.</subfield>
  </datafield>
  <datafield tag="260" ind1=" " ind2=" ">
    <subfield code="a">&#xE01;&#xE23;&#xE38;&#xE07;&#xE40;&#xE17;&#xE1E;&#xE2F; :</subfield>
    <subfield code="b">&#xE40;&#xE2D;&#xE2A;&#xE40;&#xE04; &#xE1A;&#xE38;&#xE4A;&#xE04;&#xE2A;&#xE4C;,</subfield>
    <subfield code="c">2561.</subfield>
  </datafield>
  <datafield tag="300" ind1=" " ind2=" ">
    <subfield code="a">272 &#xE2B;&#xE19;&#xE49;&#xE32; :</subfield>
    <subfield code="b">&#xE20;&#xE32;&#xE1E;&#xE1B;&#xE23;&#xE30;&#xE01;&#xE2D;&#xE1A; ;</subfield>
    <subfield code="c">26 &#xE0B;&#xE21;.</subfield>
  </datafield>
  <datafield tag="650" ind1=" " ind2="4">
    <subfield code="9">1624</subfield>
    <subfield code="a">&#xE01;&#xE0E;&#xE2B;&#xE21;&#xE32;&#xE22;&#xE18;&#xE38;&#xE23;&#xE01;&#xE34;&#xE08;</subfield>
  </datafield>
  <datafield tag="650" ind1=" " ind2="4">
    <subfield code="9">2073</subfield>
    <subfield code="a">&#xE17;&#xE23;&#xE31;&#xE1E;&#xE22;&#xE4C;&#xE2A;&#xE34;&#xE19;&#xE17;&#xE32;&#xE07;&#xE1B;&#xE31;&#xE0D;&#xE0D;&#xE32;</subfield>
    <subfield code="x">&#xE01;&#xE0E;&#xE2B;&#xE21;&#xE32;&#xE22;&#xE41;&#xE25;&#xE30;&#xE23;&#xE30;&#xE40;&#xE1A;&#xE35;&#xE22;&#xE1A;&#xE02;&#xE49;&#xE2D;&#xE1A;&#xE31;&#xE07;&#xE04;&#xE31;&#xE1A;</subfield>
  </datafield>
  <datafield tag="650" ind1=" " ind2="4">
    <subfield code="9">4628</subfield>
    <subfield code="a">&#xE1A;&#xE23;&#xE34;&#xE29;&#xE31;&#xE17;&#xE21;&#xE2B;&#xE32;&#xE0A;&#xE19;</subfield>
  </datafield>
  <datafield tag="650" ind1=" " ind2="4">
    <subfield code="9">18774</subfield>
    <subfield code="a">&#xE19;&#xE34;&#xE15;&#xE34;&#xE01;&#xE23;&#xE23;&#xE21;</subfield>
  </datafield>
  <datafield tag="650" ind1=" " ind2="0">
    <subfield code="a">&#xE2A;&#xE31;&#xE0D;&#xE0D;&#xE32;</subfield>
    <subfield code="9">11042</subfield>
  </datafield>
  <datafield tag="650" ind1=" " ind2="4">
    <subfield code="9">34075</subfield>
    <subfield code="a">&#xE2B;&#xE49;&#xE32;&#xE07;&#xE2B;&#xE38;&#xE49;&#xE19;&#xE2A;&#xE48;&#xE27;&#xE19;&#xE08;&#xE33;&#xE01;&#xE31;&#xE14;</subfield>
  </datafield>
  <datafield tag="850" ind1=" " ind2=" ">
    <subfield code="a">NALT</subfield>
  </datafield>
  <datafield tag="942" ind1=" " ind2=" ">
    <subfield code="2">local</subfield>
    <subfield code="c">LB</subfield>
  </datafield>
  <datafield tag="998" ind1=" " ind2=" ">
    <subfield code="c">103</subfield>
    <subfield code="b">phon</subfield>
    <subfield code="j">1020</subfield>
    <subfield code="k"> &#xE08;&#xE33;&#xE40;&#xE23;&#xE35;&#xE22;&#xE07; &#xE23;&#xE30;&#xE27;&#xE31;&#xE07;&#xE2A;&#xE33;&#xE42;&#xE23;&#xE07;</subfield>
  </datafield>
  <datafield tag="999" ind1=" " ind2=" ">
    <subfield code="c">97478</subfield>
    <subfield code="d">97478</subfield>
  </datafield>
  <datafield tag="952" ind1=" " ind2=" ">
    <subfield code="0">0</subfield>
    <subfield code="1">0</subfield>
    <subfield code="2">local</subfield>
    <subfield code="4">0</subfield>
    <subfield code="7">0</subfield>
    <subfield code="8">CLAW</subfield>
    <subfield code="a">NALT</subfield>
    <subfield code="b">NALT</subfield>
    <subfield code="c">LAW</subfield>
    <subfield code="d">2020-07-29</subfield>
    <subfield code="e">59</subfield>
    <subfield code="l">0</subfield>
    <subfield code="o">KS 63 &#xE2A;234&#xE01; 2561</subfield>
    <subfield code="p">3961211230</subfield>
    <subfield code="r">2020-08-10 00:00:00</subfield>
    <subfield code="t">&#xE09;.1</subfield>
    <subfield code="w">2020-07-29</subfield>
    <subfield code="y">LB</subfield>
  </datafield>
  <datafield tag="952" ind1=" " ind2=" ">
    <subfield code="0">0</subfield>
    <subfield code="1">0</subfield>
    <subfield code="2">local</subfield>
    <subfield code="4">0</subfield>
    <subfield code="7">0</subfield>
    <subfield code="8">CLAW</subfield>
    <subfield code="a">NALT</subfield>
    <subfield code="b">NALT</subfield>
    <subfield code="c">LAW</subfield>
    <subfield code="d">2020-07-29</subfield>
    <subfield code="e">59</subfield>
    <subfield code="l">0</subfield>
    <subfield code="o">KS 63 &#xE2A;234&#xE01; 2561</subfield>
    <subfield code="p">3961211234</subfield>
    <subfield code="r">2020-08-10 00:00:00</subfield>
    <subfield code="t">&#xE09;.2</subfield>
    <subfield code="w">2020-07-29</subfield>
    <subfield code="y">LB</subfield>
  </datafield>
</record>
